000 00298nam a22001337a 4500
003 SGT
082 _a954.03
_bS18P
100 _aPANDEY, SHYAMACHARAN
245 _aSUBHASH CHANDRA BOSS
260 _aINDIA
_bVAIBHAV LAKSHAMI
_c2018
300 _a226
650 _aFREEDOM FIGHTERS
942 _2ddc
_cBK
999 _c26145
_d26145